00983nam a22002657a 450000100060000000300060000600500170001200800410002902000180007004000290008805000080011708200100012510000250013524500810016026000590024130000420030049000280034250500070037052002080037752100270058552100180061265000190063065000280064970000400067710133FISKH20260428083634.0260423b cb ||||| |||| 00| 0 eng d a9780462004976 aFISKHbengcFISKHdFISKH aPZ7 a599.8 aFraser, LiameAuthor aSaving Lucky /cWritten by Liam Fraser ; photographed by Brooke Worthington  aSingapore :bMarshall Cavendish International , c2008 a16 pages :bphotographs ;c16 x 19 cm aMy pals are here! :v9e aG  aA character discovers that Lucky-the lamb is in trouble. They take action to help and rescue Lucky, showing care and responsibility. In the end, Lucky is safe, and the characters feel happy and relieved.8 a500 bLexile estimate 8 aJ bRaz-Plus  aAnimals vPet aRescue vHelping others aWorthington, Brooke ePhotographer